[Event "Isthmia 2011"]
[Site "Vrachati"]
[Date "2011.08.21"]
[Round "4.18"]
[White "Tsekouras, Theodoros"]
[Black "Papasimakopoulos, Alexandros"]
[Result "1-0"]
[WhiteElo "2223"]
[BlackElo "1835"]
[PlyCount "84"]
[EventDate "2011.08.18"]

1. d4 f5 2. Nf3 Nf6 3. g3 g6 4. Bg2 Bg7 5. O-O O-O 6. b3 d6 7. Bb2 c6 8. c4 Ne4
9. Qc2 Nd7 10. Nc3 Ndf6 11. Rad1 Nxc3 12. Bxc3 Ne4 13. Bb2 Qe8 14. Nd2 Nxd2 15.
Qxd2 Qf7 16. f4 Bd7 17. Rfe1 Rae8 18. Qa5 a6 19. Rd2 g5 20. e3 Qg6 21. Rf2 h5
22. fxg5 Qxg5 23. e4 c5 24. Qd2 Qxd2 25. Rxd2 Bxd4+ 26. Bxd4 cxd4 27. exf5 Rxf5
28. Bh3 e5 29. Bxf5 Bxf5 30. Rxd4 exd4 31. Rxe8+ Kf7 32. Re1 Bg4 33. Kf2 Kf6
34. Re4 d3 35. Ke3 Bf5 36. Re8 b5 37. cxb5 axb5 38. Rf8+ Ke5 39. Rxf5+ Kxf5 40.
a4 bxa4 41. bxa4 Ke5 42. Kxd3 Kd5 1-0

[Event "Isthmia 2011"]
[Site "Vrachati"]
[Date "2011.08.21"]
[Round "4.19"]
[White "Skouvaklis, Alexis"]
[Black "Gogolis, Alexandros"]
[Result "0-1"]
[WhiteElo "2084"]
[BlackElo "2261"]
[PlyCount "86"]
[EventDate "2011.08.18"]

1. e4 d5 2. exd5 Qxd5 3. Nc3 Qa5 4. d4 Nf6 5. Bd2 Bg4 6. f3 Bd7 7. Bc4 Qb6 8.
Nge2 e6 9. Be3 Nc6 10. Qd2 Nb4 11. Bb3 O-O-O 12. O-O Nbd5 13. Bf2 Qa5 14. Ne4
Qxd2 15. Nxd2 a5 16. a3 Nb6 17. Nc3 h6 18. Rfe1 Bc6 19. Nde4 Be7 20. Rad1 Rd7
21. Nxf6 Bxf6 22. Ne4 a4 23. Nxf6 gxf6 24. Ba2 Bd5 25. Bxd5 Rxd5 26. b3 axb3
27. cxb3 Rb5 28. Rd3 f5 29. Rc1 Nd5 30. Rc5 c6 31. Rxb5 cxb5 32. Be3 h5 33. Kf2
Kd7 34. Ke2 Rg8 35. g3 Rc8 36. Kd2 Ra8 37. b4 Nb6 38. Kc2 Kc6 39. h3 Kd5 40.
Rc3 Nc4 41. Bc1 Rg8 42. a4 bxa4 43. Kd3 b5 0-1

[Event "Isthmia 2011"]
[Site "Vrachati"]
[Date "2011.08.21"]
[Round "4.20"]
[White "Mihopoulos, Konstantinos"]
[Black "Pavlidou, Ekaterini"]
[Result "1/2-1/2"]
[WhiteElo "1968"]
[BlackElo "2220"]
[PlyCount "90"]
[EventDate "2011.08.18"]

1. e4 c5 2. Nf3 d6 3. d4 cxd4 4. Nxd4 Nf6 5. Nc3 a6 6. Bg5 e6 7. f4 h6 8. Bxf6
Qxf6 9. Qd2 Qd8 10. O-O-O Be7 11. Kb1 Qc7 12. g4 Bd7 13. Bg2 Nc6 14. Nb3 O-O-O
15. h4 Kb8 16. g5 Rc8 17. e5 d5 18. Bxd5 Rhd8 19. Bf3 Nb4 20. Qg2 a5 21. a3 a4
22. Nd4 Qb6 23. axb4 Bxb4 24. Na2 Bc5 25. c3 a3 26. Ka1 Ba4 27. b3 Bxd4 28.
bxa4 Rxc3 29. Nxc3 Qb3 30. Rxd4 Qxc3+ 31. Ka2 Rxd4 32. Rd1 Qc4+ 33. Ka1 Qc3+
34. Ka2 Qc4+ 35. Ka1 Rxd1+ 36. Bxd1 Qd4+ 37. Ka2 Qxd1 38. gxh6 gxh6 39. Qe4 Qc1
40. Qb4 h5 41. Qxa3 Qxf4 42. Qf8+ Kc7 43. Qd6+ Kc8 44. Qf8+ Kd7 45. Qd6+ Kc8
1/2-1/2

[Event "Isthmia 2011"]
[Site "Vrachati"]
[Date "2011.08.21"]
[Round "4.21"]
[White "Karaoulanis, Dimitrios"]
[Black "Valden, Petros"]
[Result "0-1"]
[WhiteElo "1982"]
[BlackElo "2201"]
[PlyCount "84"]
[EventDate "2011.08.18"]

1. e4 c5 2. Nf3 d6 3. d4 cxd4 4. Nxd4 Nf6 5. Nc3 g6 6. Be3 Bg7 7. f3 Nc6 8. Qd2
O-O 9. O-O-O d5 10. exd5 Nxd5 11. Nxc6 bxc6 12. Bd4 e5 13. Bc5 Be6 14. Ne4 Rb8
15. Bc4 f5 16. Ng5 e4 17. Bb3 Qf6 18. c3 Bh6 19. h4 Rfe8 20. Kb1 e3 21. Qe1
Bxg5 22. hxg5 Qxg5 23. Bxa7 Rb7 24. Bd4 Qxg2 25. Rg1 Qxf3 26. Rf1 Qg2 27. Rg1
Qf2 28. Qxf2 exf2 29. Bxf2 Bf7 30. Bc5 Nf4 31. Bxf7+ Kxf7 32. Bb4 Nd5 33. Rh1
h5 34. Rhg1 Re2 35. a3 Kf6 36. Kc1 h4 37. c4 Nxb4 38. axb4 Rbe7 39. b5 cxb5 40.
cxb5 R7e6 41. Rd8 h3 42. Rg8 Re1+ 0-1

[Event "Isthmia 2011"]
[Site "Vrachati"]
[Date "2011.08.21"]
[Round "4.22"]
[White "Pountzas, Hrisanthos"]
[Black "Papakonstantinou, Dimitrios"]
[Result "1/2-1/2"]
[WhiteElo "2177"]
[BlackElo "2018"]
[PlyCount "225"]
[EventDate "2011.08.18"]

1. c4 Nf6 2. g3 g6 3. Bg2 Bg7 4. Nf3 O-O 5. O-O d6 6. d4 Nbd7 7. Nc3 e5 8. e4
c6 9. h3 Qe7 10. Re1 a6 11. b3 exd4 12. Nxd4 Nc5 13. Bb2 Nfd7 14. f4 a5 15. Qd2
a4 16. Rad1 Nb6 17. Qc2 Qc7 18. Re2 Bd7 19. Red2 Rad8 20. Bf1 axb3 21. axb3 f5
22. b4 Nxe4 23. Nxe4 fxe4 24. Qxe4 Rfe8 25. Qb1 Re3 26. Kf2 Rde8 27. Nf3 Bf5
28. Qa1 Bxb2 29. Qxb2 Na4 30. Qd4 Nc3 31. Ra1 c5 32. bxc5 dxc5 33. Qxe3 Rxe3
34. Kxe3 Ne4 35. Ra8+ Kg7 36. Rdd8 Nxg3 37. Bg2 Be4 38. Ne5 Bxg2 39. Rd7+ Qxd7
40. Nxd7 Nf5+ 41. Kf2 Bc6 42. Nxc5 Nd6 43. Rd8 Nxc4 44. Nxb7 Kf6 45. Nc5 Ke7
46. Rh8 Kd6 47. Nd3 Be4 48. Rd8+ Ke7 49. Rd4 Nd6 50. Nc5 Bf5 51. Kg2 h6 52. Ra4
g5 53. Ra7+ Kf6 54. Nd7+ Ke6 55. Nf8+ Kf6 56. Nh7+ Kg6 57. h4 Be4+ 58. Kf2 gxf4
59. Ra6 Kxh7 60. Rxd6 h5 61. Rd4 Bf5 62. Kf3 Bg4+ 63. Kxf4 Kg6 64. Rd6+ Kf7 65.
Ke5 Kg7 66. Kf4 Kf7 67. Kg5 Kg7 68. Rg6+ Kf7 69. Rc6 Ke7 70. Rc7+ Ke6 71. Kg6
Kd6 72. Rc3 Ke5 73. Rc1 Ke6 74. Re1+ Kd6 75. Kf6 Kd5 76. Re8 Kd4 77. Re5 Bf3
78. Kf5 Bd1 79. Re8 Bg4+ 80. Kf6 Kd5 81. Rd8+ Ke4 82. Ra8 Kd5 83. Ra2 Ke4 84.
Rd2 Bf3 85. Rd8 Bg4 86. Re8+ Kd5 87. Re3 Kd4 88. Re5 Bf3 89. Kf5 Bd1 90. Kf4
Bg4 91. Rg5 Be2 92. Rg8 Kd5 93. Rd8+ Kc6 94. Kg5 Kc7 95. Rd2 Bg4 96. Kf6 Kc6
97. Ke5 Kc7 98. Kf6 Kc6 99. Ke7 Bh3 100. Kf6 Bg4 101. Ke5 Kc7 102. Rd6 Bh3 103.
Rd2 Kc6 104. Rd1 Bg4 105. Rd5 Kc7 106. Kf6 Kc6 107. Rd4 Kc7 108. Kg5 Bf3 109.
Rf4 Be2 110. Rd4 Bf3 111. Rd3 Bg4 112. Kf6 Kc6 113. Ke5 1/2-1/2

[Event "Isthmia 2011"]
[Site "Vrachati"]
[Date "2011.08.21"]
[Round "4.23"]
[White "Bellos, Ioannis"]
[Black "Kostouros, Alexandros"]
[Result "1-0"]
[WhiteElo "1944"]
[BlackElo "2166"]
[PlyCount "69"]
[EventDate "2011.08.18"]

1. e4 d5 2. exd5 Nf6 3. Nf3 Nxd5 4. d4 c5 5. Bb5+ Bd7 6. Bxd7+ Nxd7 7. O-O e6
8. c4 N5b6 9. d5 exd5 10. cxd5 Be7 11. d6 Bf6 12. Re1+ Kf8 13. Nc3 g6 14. Bh6+
Bg7 15. Qd2 Nf6 16. Rad1 Nbd7 17. Re7 Ng8 18. Rxf7+ Kxf7 19. Ng5+ Qxg5 20. Bxg5
Ngf6 21. Nd5 b6 22. Nxf6 Nxf6 23. Bxf6 Bxf6 24. Qd5+ Kg7 25. Qb7+ Kh6 26. Rd3
Rae8 27. Rh3+ Kg5 28. Qd5+ Re5 29. f4+ Kxf4 30. Qf3+ Kg5 31. Rg3+ Kh6 32. Qxf6
Rhe8 33. Rh3+ Rh5 34. Rxh5+ Kxh5 35. d7 1-0

[Event "Isthmia 2011"]
[Site "Vrachati"]
[Date "2011.08.21"]
[Round "4.24"]
[White "Stamos, Filippos"]
[Black "Kouvatsos, Filippos"]
[Result "1-0"]
[WhiteElo "1914"]
[BlackElo "2152"]
[PlyCount "179"]
[EventDate "2011.08.18"]

1. e4 c6 2. d4 d5 3. Nc3 a6 4. Nf3 Bg4 5. Be2 e6 6. h3 Bh5 7. Ne5 Bxe2 8. Qxe2
Nf6 9. Bg5 Be7 10. O-O-O Nxe4 11. Nxe4 Bxg5+ 12. Nxg5 Qxg5+ 13. Kb1 Qe7 14. Rd3
Nd7 15. Rb3 Nxe5 16. Qxe5 O-O 17. Rg3 f6 18. Qe2 e5 19. Re3 e4 20. g4 Qd7 21.
f3 exf3 22. Qxf3 Rae8 23. Rhe1 Rxe3 24. Qxe3 Kf7 25. b3 Re8 26. Qf2 Rxe1+ 27.
Qxe1 h5 28. Qh4 hxg4 29. hxg4 Qe6 30. Kb2 Qe4 31. c3 Qf4 32. Qh5+ Ke7 33. Qg6
Kf8 34. b4 Qe4 35. Qh5 Ke7 36. Kb3 Qb1+ 37. Ka3 Qc2 38. Qh3 b5 39. Qf3 Kf7 40.
Qh3 Ke7 41. Qf3 g6 42. Qg3 Kd7 43. Qh3 Kc7 44. Qe3 Kd7 45. Qh3 f5 46. gxf5 gxf5
47. Qg3 Kc8 48. Qe3 Qe4 49. Qh3 Kd7 50. Qh7+ Kd6 51. Qh6+ Qe6 52. Qf8+ Kd7 53.
Kb3 Qg6 54. Ka3 Ke6 55. Kb3 Qf6 56. Qe8+ Kd6 57. Qb8+ Ke7 58. Qf4 Kf7 59. Qc7+
Kg6 60. Qf4 Qg5 61. Qd6+ Kh5 62. Qh2+ Qh4 63. Qe5 Qe4 64. Qh2+ Kg5 65. Qg3+ Qg4
66. Qe5 Qd1+ 67. Ka3 Kg4 68. Qe6 Qc2 69. Qg6+ Kf3 70. Qxc6 f4 71. Qxd5+ Ke3 72.
Qe5+ Qe4 73. Qg5 Kd3 74. d5 Kxc3 75. Qf6+ Kc4 76. Qc6+ Kd3 77. Qc5 Qe3 78. d6
Qe6 79. Qc7 Qe5 80. Qc6 Qe6 81. Qf3+ Kc2 82. Qf2+ Kd1 83. Qd4+ Kc2 84. Qb2+ Kd1
85. Qb3+ Qxb3+ 86. Kxb3 f3 87. d7 f2 88. d8=Q+ Ke2 89. Qe7+ Kd1 90. Qd6+ 1-0

[Event "Isthmia 2011"]
[Site "Vrachati"]
[Date "2011.08.21"]
[Round "4.25"]
[White "Kasparova, Tatiana"]
[Black "Stoumbou, Eleni"]
[Result "1-0"]
[WhiteElo "2129"]
[BlackElo "1873"]
[PlyCount "79"]
[EventDate "2011.08.18"]

1. e4 c6 2. d4 d5 3. Nc3 dxe4 4. Nxe4 Nf6 5. Nxf6+ gxf6 6. Nf3 Nd7 7. Bd3 Nb6
8. h3 Rg8 9. g3 h5 10. Be3 Be6 11. b3 Qd7 12. h4 Nd5 13. Bd2 Bg4 14. Be2 Qe6
15. O-O Qe4 16. c4 Nc7 17. Kh2 O-O-O 18. Be3 e6 19. Nd2 Qf5 20. Bxg4 Rxg4 21.
Qb1 Qa5 22. Ne4 Qf5 23. Nd2 Qa5 24. Nf3 Bd6 25. a3 Ne8 26. b4 Qc7 27. Rg1 Qb8
28. d5 Rxc4 29. dxc6 Rxc6 30. Qh7 Rd7 31. Qxh5 Kd8 32. Qa5+ Bc7 33. Qh5 Bd6 34.
Nd4 Rc4 35. Nb5 Be5 36. Rad1 a6 37. Rxd7+ Kxd7 38. Qxf7+ Kc6 39. Qxe6+ Kxb5 40.
Qd5+ 1-0

[Event "Isthmia 2011"]
[Site "Vrachati"]
[Date "2011.08.21"]
[Round "4.26"]
[White "Skiadopoulos, Nikolaos"]
[Black "Theodorou, Nikolas"]
[Result "1/2-1/2"]
[WhiteElo "2111"]
[BlackElo "1859"]
[PlyCount "93"]
[EventDate "2011.08.18"]

1. Nf3 Nf6 2. g3 c5 3. Bg2 Nc6 4. d3 g6 5. e4 Bg7 6. O-O O-O 7. h3 d6 8. Nc3
Ne8 9. Be3 e5 10. Nd5 Nc7 11. Nxc7 Qxc7 12. c3 f5 13. exf5 Bxf5 14. Nh4 Be6 15.
Qd2 b6 16. b4 cxb4 17. cxb4 d5 18. Rac1 Qd7 19. a3 Rac8 20. Kh2 d4 21. Bg5 Bd5
22. Rc2 Bxg2 23. Nxg2 e4 24. dxe4 d3 25. Rcc1 Nd4 26. Ne1 Rc2 27. Rxc2 dxc2 28.
Kg2 Qc6 29. f3 h6 30. Be3 Rc8 31. Nd3 Nb3 32. Qf2 Qa4 33. Bc1 Nxc1 34. Rxc1 Rc3
35. Ne1 Qxa3 36. Rxc2 Qxb4 37. Rd2 Rc7 38. Qe3 Qc5 39. Qf4 Qg5 40. Qxc7 Qxd2+
41. Kf1 Qa5 42. Nd3 Qd2 43. Qc4+ Kh7 44. e5 Qd1+ 45. Kf2 Qd2+ 46. Kf1 Qd1+ 47.
Kf2 1/2-1/2

[Event "Isthmia 2011"]
[Site "Vrachati"]
[Date "2011.08.21"]
[Round "4.27"]
[White "Xylogiannopoulos, Antonios"]
[Black "Kelires, Andreas"]
[Result "1-0"]
[WhiteElo "2104"]
[BlackElo "1825"]
[PlyCount "113"]
[EventDate "2011.08.18"]

1. e4 c5 2. Nf3 d6 3. d4 cxd4 4. Nxd4 Nf6 5. Nc3 a6 6. Bg5 e6 7. f4 Be7 8. Qf3
Qc7 9. O-O-O Nbd7 10. Bd3 h6 11. Bh4 g5 12. fxg5 Ne5 13. Qe2 Nfg4 14. Nf3 Nxf3
15. Qxf3 hxg5 16. Bg3 Ne5 17. Bxe5 dxe5 18. Rdf1 Rh7 19. h4 gxh4 20. Qg4 Rh8
21. g3 Bd7 22. gxh4 Qa5 23. h5 O-O-O 24. Rxf7 Bb4 25. Nb1 Qc5 26. Rf3 Rhg8 27.
Qh3 Rg1+ 28. Rf1 Rxh1 29. Rxh1 Qf8 30. b3 Bc5 31. Kb2 Qf2 32. a3 Bb5 33. Rd1
Bd4+ 34. Ka2 Kb8 35. Rf1 Qe3 36. Qxe3 Bxe3 37. Bxb5 axb5 38. Rf6 Rh8 39. h6
Rxh6 40. Rxh6 Bxh6 41. Nc3 Kc7 42. Nxb5+ Kc6 43. c4 Kd7 44. Kb2 Bf8 45. Kc3 Bc5
46. b4 Bf2 47. c5 b6 48. cxb6 Bxb6 49. Kc4 Kc6 50. a4 Bf2 51. a5 Bg1 52. Nc3
Bd4 53. Ne2 Be3 54. Nc3 Bf2 55. Na4 Bg1 56. Nc5 Kd6 57. a6 1-0

[Event "Isthmia 2011"]
[Site "Vrachati"]
[Date "2011.08.21"]
[Round "4.28"]
[White "Linos, Efstathios"]
[Black "Spiropoulos, Panagiotis"]
[Result "1/2-1/2"]
[WhiteElo "1875"]
[BlackElo "2086"]
[PlyCount "131"]
[EventDate "2011.08.18"]

1. e4 c5 2. Nf3 Nc6 3. d4 cxd4 4. Nxd4 e5 5. Nb5 d6 6. N1c3 a6 7. Na3 b5 8. Nd5
Nf6 9. Bg5 Be7 10. Bxf6 Bxf6 11. c4 b4 12. Nc2 O-O 13. g3 Bg5 14. Bg2 a5 15.
O-O Ne7 16. Nce3 Bxe3 17. Nxe3 Nc6 18. Qd3 Be6 19. Rfd1 Qb6 20. b3 Rfd8 21. Nc2
Ra7 22. Rd2 Qc5 23. Rad1 a4 24. h4 h6 25. Kh2 axb3 26. axb3 Ra2 27. Bh3 Bxh3
28. Kxh3 Na5 29. Kg2 Ra8 30. Qxd6 Qxd6 31. Rxd6 Rxc2 32. Ra1 Kh7 33. Rd5 Nxc4
34. Rxa8 Ne3+ 35. Kf3 Nxd5 36. exd5 f5 37. Rb8 Rd2 38. Rxb4 Rxd5 39. Ke3 g5 40.
hxg5 hxg5 41. Rb8 e4 42. b4 Rd3+ 43. Ke2 Rb3 44. b5 Kg6 45. b6 Kh5 46. Rb7 Kg4
47. Rb8 Rb2+ 48. Ke3 Rb3+ 49. Ke2 f4 50. gxf4 gxf4 51. Rg8+ Kf5 52. Rf8+ Ke5
53. Re8+ Kd5 54. Rd8+ Kc5 55. Rc8+ Kd6 56. Rd8+ Kc5 57. Rc8+ Kd6 58. Rd8+ Ke7
59. Rd4 Rb2+ 60. Ke1 Ke6 61. Rxe4+ Kf5 62. f3 Rxb6 63. Ra4 Rb1+ 64. Ke2 Rb2+
65. Ke1 Kg5 66. Rc4 1/2-1/2

[Event "Isthmia 2011"]
[Site "Vrachati"]
[Date "2011.08.21"]
[Round "4.29"]
[White "Gkikas, Hristos"]
[Black "Adamopoulos, Ioannis"]
[Result "1-0"]
[WhiteElo "1853"]
[BlackElo "2070"]
[PlyCount "141"]
[EventDate "2011.08.18"]

1. c4 Nf6 2. Nc3 e6 3. g3 d5 4. d4 c5 5. Nf3 cxd4 6. Nxd4 Nc6 7. Bg2 Be7 8. O-O
O-O 9. a3 a6 10. b4 Ne5 11. cxd5 exd5 12. Nb3 Be6 13. f4 Qb6+ 14. Kh1 Neg4 15.
Qd4 Qxd4 16. Nxd4 Rac8 17. Nd1 Ne4 18. Bb2 Rfd8 19. Rf3 h5 20. h3 Ngf6 21. Nf2
Nd2 22. Rd3 Nc4 23. Bc3 g6 24. Bf3 Rd7 25. g4 hxg4 26. hxg4 Nd6 27. Re3 Nde4
28. Bxe4 dxe4 29. Nxe6 fxe6 30. Be5 a5 31. g5 Nh5 32. Nxe4 axb4 33. axb4 Rf8
34. Rh3 Bxb4 35. Nf6+ Nxf6 36. Bxf6 e5 37. Bxe5 Bc5 38. Rc1 b6 39. Kg2 Kf7 40.
Rh7+ Ke6 41. Rch1 Rxh7 42. Rxh7 Bd6 43. Bxd6 Kxd6 44. Kf3 b5 45. Rg7 b4 46.
Rxg6+ Kc5 47. Rh6 b3 48. Rh1 Kd4 49. e4 b2 50. f5 Rb8 51. Rb1 Ke5 52. f6 Rb3+
53. Kg4 Ke6 54. Kh5 Rb8 55. Kg6 Rg8+ 56. Kh6 Kf7 57. Kh5 Rb8 58. e5 Rh8+ 59.
Kg4 Rh2 60. Kf5 Rf2+ 61. Ke4 Ke6 62. g6 Re2+ 63. Kf4 Rf2+ 64. Ke3 Rg2 65. g7
Kf7 66. Kf3 Rc2 67. e6+ Kg8 68. e7 Rc3+ 69. Ke4 Rc8 70. Rxb2 Kf7 71. Rg2 1-0

[Event "Isthmia 2011"]
[Site "Vrachati"]
[Date "2011.08.21"]
[Round "4.30"]
[White "Georgiadis, Ioannis"]
[Black "Naoum, Spyridon"]
[Result "1/2-1/2"]
[WhiteElo "2464"]
[BlackElo "1999"]
[PlyCount "51"]
[EventDate "2011.08.18"]

1. e4 c5 2. Nf3 e6 3. d4 cxd4 4. Nxd4 a6 5. Nc3 Qc7 6. Bd3 Nf6 7. O-O b5 8. Re1
d6 9. Bd2 Bb7 10. a4 b4 11. Na2 d5 12. exd5 Nxd5 13. c4 bxc3 14. Nxc3 Nb4 15.
Qh5 g6 16. Nxe6 fxe6 17. Bxg6+ hxg6 18. Qxh8 Qc6 19. Ne4 Nd3 20. Re3 Nd7 21.
Rxd3 Qxe4 22. Qh3 Qf5 23. b4 Be4 24. Re3 Nf6 25. Rae1 Bd5 26. Qh4 1/2-1/2

[Event "Isthmia 2011"]
[Site "Vrachati"]
[Date "2011.08.22"]
[Round "5.1"]
[White "Kotronias, Vasilios"]
[Black "Tiviakov, Sergei"]
[Result "1/2-1/2"]
[WhiteElo "2588"]
[BlackElo "2623"]
[PlyCount "80"]
[EventDate "2011.08.18"]

1. e4 d5 2. exd5 Qxd5 3. Nc3 Qd6 4. d4 Nf6 5. Nf3 c6 6. Ne5 Nbd7 7. Nc4 Qc7 8.
Qf3 Nb6 9. Bf4 Qd7 10. Nxb6 axb6 11. O-O-O e6 12. Be5 Nd5 13. Bc4 f6 14. Bf4
Be7 15. Rhe1 b5 16. Bb3 b4 17. Nxd5 exd5 18. Qh5+ g6 19. Qh6 Kf7 20. f3 b6 21.
g4 Ra7 22. Rd3 Qd8 23. Rde3 Bf8 24. Qh4 Re7 25. Qg3 Rxe3 26. Rxe3 Qd7 27. h4 c5
28. dxc5 bxc5 29. Rd3 Bb7 30. g5 Qe6 31. Re3 Qd7 32. Be5 fxe5 33. Qxe5 c4 34.
Ba4 Qxa4 35. Qe6+ Kg7 36. Qe5+ Kg8 37. Qe6+ Kg7 38. h5 gxh5 39. Qf6+ Kg8 40.
Qe6+ Kg7 1/2-1/2

[Event "Isthmia 2011"]
[Site "Vrachati"]
[Date "2011.08.22"]
[Round "5.2"]
[White "Burmakin, Vladimir"]
[Black "Baklan, Vladimir"]
[Result "1/2-1/2"]
[WhiteElo "2579"]
[BlackElo "2620"]
[PlyCount "23"]
[EventDate "2011.08.18"]

1. d4 Nf6 2. Nf3 e6 3. c4 b6 4. g3 Ba6 5. b3 Bb7 6. Bg2 Bb4+ 7. Bd2 a5 8. Nc3
O-O 9. O-O d6 10. a3 Bxc3 11. Bxc3 Nbd7 12. Qc2 1/2-1/2

[Event "Isthmia 2011"]
[Site "Vrachati"]
[Date "2011.08.22"]
[Round "5.3"]
[White "Kasparov, Sergey"]
[Black "Atalik, Suat"]
[Result "1/2-1/2"]
[WhiteElo "2503"]
[BlackElo "2619"]
[PlyCount "109"]
[EventDate "2011.08.18"]

1. e4 c5 2. Nf3 d6 3. d4 cxd4 4. Nxd4 Nf6 5. f3 e5 6. Nb3 Nc6 7. c4 a5 8. Be3
Be7 9. Nc3 a4 10. Nd2 Qa5 11. Nb5 O-O 12. Be2 Bd8 13. O-O Bb6 14. Bxb6 Qxb6+
15. Kh1 Nd4 16. Nxd4 Qxd4 17. Qc2 Nh5 18. Rad1 Be6 19. Nb1 Qc5 20. Na3 Nf4 21.
Rfe1 Nxe2 22. Rxe2 Rfc8 23. h3 Ra6 24. Red2 Qb4 25. Qc3 Qxc3 26. bxc3 Bxc4 27.
Nxc4 Rxc4 28. Rxd6 Rxd6 29. Rxd6 h5 30. Rd3 h4 31. g3 Rc6 32. gxh4 Rb6 33. Kg2
Rb2+ 34. Kg3 f6 35. Rd7 b5 36. Rb7 a3 37. h5 Kh7 38. Rb8 Rxa2 39. Rxb5 Ra1 40.
Ra5 a2 41. Kh4 Rf1 42. Rxa2 Rxf3 43. Rc2 Rf4+ 44. Kg3 Rxe4 45. c4 Rd4 46. c5
Rd7 47. c6 Rc7 48. Kg4 Kg8 49. Kf5 Kf7 50. h4 Ke7 51. Rc1 Kd6 52. Rd1+ Kxc6 53.
Rc1+ Kd6 54. Rxc7 Kxc7 55. Kg6 1/2-1/2

[Event "Isthmia 2011"]
[Site "Vrachati"]
[Date "2011.08.22"]
[Round "5.4"]
[White "Volkov, Sergey"]
[Black "Del Rio De Angelis, Salvador G"]
[Result "1-0"]
[WhiteElo "2607"]
[BlackElo "2509"]
[PlyCount "80"]
[EventDate "2011.08.18"]

1. d4 e6 2. c4 Nf6 3. Nc3 Bb4 4. f3 d5 5. a3 Bxc3+ 6. bxc3 c5 7. cxd5 exd5 8.
e3 O-O 9. Bd3 b6 10. Ne2 Ba6 11. O-O Re8 12. Ng3 Bxd3 13. Qxd3 Nc6 14. Bb2 c4
15. Qd2 h5 16. Rae1 h4 17. Nh1 Re6 18. Nf2 Qe7 19. Re2 Re8 20. Rfe1 Nh5 21. e4
Na5 22. Bc1 Nb3 23. Qg5 Nxc1 24. Qxc1 b5 25. f4 f5 26. e5 a5 27. Nd1 g6 28. Rf1
b4 29. axb4 axb4 30. cxb4 Qxb4 31. Rb2 Qa5 32. Nc3 Rd8 33. Rb5 Qa8 34. Qb2 Ra6
35. Nxd5 h3 36. gxh3 Ra2 37. Qb4 c3 38. Qxc3 Qa4 39. Rb4 Qa5 40. Ne7+ Kf7 1-0

[Event "Isthmia 2011"]
[Site "Vrachati"]
[Date "2011.08.22"]
[Round "5.5"]
[White "Sethuraman, S P"]
[Black "Peralta, Fernando"]
[Result "1-0"]
[WhiteElo "2529"]
[BlackElo "2601"]
[PlyCount "57"]
[EventDate "2011.08.18"]

1. d4 d5 2. c4 e6 3. Nf3 Nf6 4. g3 Bb4+ 5. Bd2 Be7 6. Bg2 O-O 7. O-O c6 8. Qc2
Nbd7 9. Bf4 b6 10. Rd1 Bb7 11. Nc3 Nh5 12. Bc1 f5 13. Rb1 a5 14. a3 Ba6 15.
cxd5 cxd5 16. b4 axb4 17. axb4 Re8 18. Ne5 Nxe5 19. dxe5 Qc7 20. Be3 Rec8 21.
Bd4 Bc4 22. Na4 b5 23. Nb6 Ra2 24. Qc3 Rd8 25. Ra1 Rxa1 26. Rxa1 g6 27. Nxd5
Rxd5 28. Bxd5 exd5 29. Ra8+ 1-0

[Event "Isthmia 2011"]
[Site "Vrachati"]
[Date "2011.08.22"]
[Round "5.7"]
[White "Jojua, Davit"]
[Black "Banikas, Hristos"]
[Result "1/2-1/2"]
[WhiteElo "2505"]
[BlackElo "2593"]
[PlyCount "33"]
[EventDate "2011.08.18"]

1. d4 Nf6 2. c4 g6 3. g3 Bg7 4. Bg2 O-O 5. Nc3 d6 6. Nf3 Nbd7 7. O-O e5 8. e4
a6 9. Qc2 Re8 10. Rd1 Rb8 11. dxe5 dxe5 12. h3 b6 13. Be3 c6 14. b4 Qc7 15. Nd2
Bf8 16. a3 Nh5 17. Nb3 1/2-1/2

[Event "Isthmia 2011"]
[Site "Vrachati"]
[Date "2011.08.22"]
[Round "5.8"]
[White "Svetushkin, Dmitry"]
[Black "Shoker, Samy"]
[Result "1-0"]
[WhiteElo "2576"]
[BlackElo "2475"]
[PlyCount "51"]
[EventDate "2011.08.18"]

1. e4 d6 2. d4 Nf6 3. Bd3 e5 4. c3 d5 5. dxe5 Nxe4 6. Nd2 Nc6 7. Ngf3 Nc5 8.
Bb1 Bg4 9. O-O Qd7 10. b4 Ne6 11. h3 Bh5 12. Re1 a5 13. b5 Ne7 14. a4 g5 15.
Nf1 h6 16. Ng3 Bg6 17. Nd4 O-O-O 18. Nh5 Nxd4 19. cxd4 Nf5 20. Nf6 Qe6 21. Bxf5
Bxf5 22. Ba3 Bg7 23. Qd2 Kb8 24. Rac1 Rc8 25. Qxa5 h5 26. Rc6 1-0

[Event "Isthmia 2011"]
[Site "Vrachati"]
[Date "2011.08.22"]
[Round "5.9"]
[White "Nikolaidis, Konstantinos"]
[Black "Rozentalis, Eduardas"]
[Result "0-1"]
[WhiteElo "2274"]
[BlackElo "2571"]
[PlyCount "50"]
[EventDate "2011.08.18"]

1. d4 Nf6 2. c4 e6 3. Nc3 Bb4 4. e3 Ne4 5. Qc2 f5 6. Bd3 O-O 7. Nge2 b6 8. O-O
Nxc3 9. Nxc3 Bb7 10. a3 Bxc3 11. Qxc3 d6 12. b4 Nd7 13. Qc2 Qh4 14. f3 Rf6 15.
Bb2 Raf8 16. a4 Rh6 17. g3 Qg5 18. Qe2 Nf6 19. b5 Nh5 20. Bc1 Nxg3 21. Qg2 f4
22. Ra2 Rh5 23. e4 Nxf1 24. Kxf1 e5 25. Bb2 Bc8 0-1

[Event "Isthmia 2011"]
[Site "Vrachati"]
[Date "2011.08.22"]
[Round "5.10"]
[White "Skembris, Spyridon"]
[Black "Mastrovasilis, Athanasios"]
[Result "1/2-1/2"]
[WhiteElo "2475"]
[BlackElo "2537"]
[PlyCount "90"]
[EventDate "2011.08.18"]

1. d4 Nf6 2. Nf3 e6 3. c4 d5 4. Nc3 Be7 5. Bg5 h6 6. Bh4 O-O 7. e3 Ne4 8. Bxe7
Qxe7 9. Rc1 c6 10. Bd3 Nxc3 11. Rxc3 Nd7 12. O-O e5 13. dxe5 dxc4 14. Rxc4 Nxe5
15. Re4 Nxf3+ 16. Qxf3 Be6 17. Bc4 Rad8 18. a4 Rd2 19. b3 Qd6 20. h4 Bxc4 21.
Rxc4 Rd8 22. a5 a6 23. Qe4 Qd3 24. Qf4 Qd6 25. Qg4 Qd5 26. Rb4 h5 27. Qf4 Qd7
28. Re4 Rd5 29. Re5 Rxe5 30. Qxe5 Qd5 31. Qe7 Rd7 32. Qe8+ Kh7 33. Rc1 Qf5 34.
e4 Qf4 35. Qxd7 Qxc1+ 36. Kh2 Qf4+ 37. Kg1 Qxe4 38. Qxf7 Qe1+ 39. Kh2 Qxa5 40.
Qxb7 Qe5+ 41. g3 Qf5 42. Qxc6 Qxf2+ 43. Kh3 Qf1+ 44. Kh2 Qe2+ 45. Kh3 Qf1+
1/2-1/2

[Event "Isthmia 2011"]
[Site "Vrachati"]
[Date "2011.08.22"]
[Round "5.11"]
[White "Tsekouras, Theodoros"]
[Black "Kapnisis, Spyridon"]
[Result "1/2-1/2"]
[WhiteElo "2223"]
[BlackElo "2529"]
[PlyCount "54"]
[EventDate "2011.08.18"]

1. d4 d5 2. Nf3 Nf6 3. c4 e6 4. e3 a6 5. b3 c5 6. Bb2 cxd4 7. exd4 Qa5+ 8. Nbd2
Ba3 9. Bxa3 Qxa3 10. c5 Nc6 11. Qc1 Qa5 12. a3 O-O 13. Bd3 e5 14. dxe5 Ng4 15.
b4 Qc7 16. O-O Ngxe5 17. Qc2 h6 18. Bh7+ Kh8 19. Bf5 b6 20. Nxe5 Nxe5 21. cxb6
Qxb6 22. Rac1 a5 23. Bxc8 Raxc8 24. Qf5 Rce8 25. Nf3 Nxf3+ 26. Qxf3 axb4 27.
axb4 Qxb4 1/2-1/2

[Event "Isthmia 2011"]
[Site "Vrachati"]
[Date "2011.08.22"]
[Round "5.12"]
[White "Nikolaidis, Ioannis"]
[Black "Spirakopoulos, Ioannis"]
[Result "1-0"]
[WhiteElo "2545"]
[BlackElo "2155"]
[PlyCount "59"]
[EventDate "2011.08.18"]

1. d4 Nf6 2. c4 g6 3. Nc3 Bg7 4. e4 d6 5. Bg5 h6 6. Be3 c5 7. d5 O-O 8. h3 e6
9. Bd3 exd5 10. exd5 Re8 11. Nf3 a6 12. O-O Nbd7 13. Qd2 Kh7 14. Rfe1 Ne5 15.
Nxe5 Rxe5 16. Bf4 Rxe1+ 17. Rxe1 Nh5 18. Bh2 Bd4 19. Ne4 Bf5 20. Nxd6 Bxd3 21.
Qxd3 Qf6 22. Qf3 Qxf3 23. gxf3 b5 24. b3 bxc4 25. bxc4 Rb8 26. Nb5 Rb7 27. Nxd4
cxd4 28. c5 Rb5 29. c6 Rc5 30. d6 1-0

[Event "Isthmia 2011"]
[Site "Vrachati"]
[Date "2011.08.22"]
[Round "5.13"]
[White "Shanava, Konstantine"]
[Black "Kasparova, Tatiana"]
[Result "1-0"]
[WhiteElo "2535"]
[BlackElo "2129"]
[PlyCount "83"]
[EventDate "2011.08.18"]

1. e4 c6 2. d4 d5 3. exd5 cxd5 4. c4 Nf6 5. Nc3 g6 6. Qb3 Bg7 7. cxd5 O-O 8.
Nge2 Na6 9. g3 b5 10. Bg2 b4 11. Nd1 Bb7 12. Ne3 Qd7 13. O-O Rfd8 14. Nf4 Rab8
15. Bd2 Nc7 16. Nd3 Na6 17. Ne5 Qb5 18. Rfc1 Qe8 19. Nc6 Bxc6 20. dxc6 Rxd4 21.
Nf1 Qd8 22. Be3 Rd3 23. Qa4 Nc7 24. Rd1 Nfe8 25. Rxd3 Qxd3 26. Rd1 Qe2 27. Rd2
Qc4 28. b3 Qe6 29. Qxa7 Ra8 30. Qb7 Be5 31. Qxb4 Nf6 32. Qb7 Rc8 33. Rd7 Nxd7
34. Qxc8+ Nf8 35. Qxe6 Nfxe6 36. Nd2 Bd4 37. Nc4 Bxe3 38. fxe3 Nc5 39. b4 N5a6
40. a3 e6 41. Bf1 Kf8 42. Na5 1-0